Born in Cedar Rapids/Iowa - Statistics

General Stats
  • This quiz has been taken 26 times
  • The average score is 3 of 6
Answer Stats
Hint Answer % Correct
Actor, known for his role as Frodo Baggins in the "Lord of the Rings" trilogy 1981 Elijah Wood
100%
Actor, "Two and a Half Men" "The Butterfly Effect" "Jobs" 1978 Ashton Kutcher
79%
Actress, known for her role as Jadzia Dax in "Star Trek: Deep Space Nine" 1963 Terry Farrell
50%
Actor, "Band of Brothers" "Office Space" "Boardwalk Empire" 1967 Ron Livingston
43%
Former guard who played for the Baltimore Ravens, he was selected for eight Pro Bowls 1984 Marshal Yanda
36%
Co-owner of Chelsea FC and part-chairman of the Los Angeles Dodgers 1960 Mark Walter
29%
No matching quizzes found
Score Distribution
Percent of People with Each Score
Percentile by Number Answered
Your Score History
You have not taken this quiz